1991 SUMMER SCHOOL IN HIGH ENERGY PHYSICS AND COSMOLOGY (Record no. 575628)
[ view plain ]
| 000 -LEADER | |
|---|---|
| fixed length control field | 00338nam a22001217a 4500 |
| 020 ## - INTERNATIONAL STANDARD BOOK NUMBER | |
| International Standard Book Number | 981-02-1018-3 |
| 082 ## - DEWEY DECIMAL CLASSIFICATION NUMBER | |
| Classification number | 539.76 HIG'G |
| 100 ## - MAIN ENTRY--PERSONAL NAME | |
| Personal name | GAVA, E , NARIAN, K , SEZGEN, E |
| 9 (RLIN) | 67946 |
| 245 ## - TITLE STATEMENT | |
| Title | 1991 SUMMER SCHOOL IN HIGH ENERGY PHYSICS AND COSMOLOGY |
| 260 ## - PUBLICATION, DISTRIBUTION, ETC. | |
| Place of publication, distribution, etc. | SINGAPORE |
| Name of publisher, distributor, etc. | WORLD SCIENTIFIC |
| Date of publication, distribution, etc. | 1992 |
| 300 ## - PHYSICAL DESCRIPTION | |
| Extent | 1051P/V-2 |
| 942 ## - ADDED ENTRY ELEMENTS (KOHA) | |
| Koha item type | Book |
| Withdrawn status | Lost status | Damaged status | Not for loan | Permanent Location | Current Location | Shelving location | Date acquired | Total Checkouts | Full call number | Barcode | Date last seen | Price effective from | Koha item type |
|---|---|---|---|---|---|---|---|---|---|---|---|---|---|
| College of Electrical & Mechanical Engineering (CEME) | College of Electrical & Mechanical Engineering (CEME) | General Stacks | 08/02/2017 | 539.76 HIG'G | CEME-27968 | 06/28/2021 | 06/28/2021 | Book |
